<?xml version="1.0" encoding="UTF-8"?>
<record
    xmlns:xsi="http://www.w3.org/2001/XMLSchema-instance"
    xsi:schemaLocation="http://www.loc.gov/MARC21/slim http://www.loc.gov/standards/marcxml/schema/MARC21slim.xsd"
    xmlns="http://www.loc.gov/MARC21/slim">

  <leader>00596cam a2200217ua 4500</leader>
  <controlfield tag="001">22057</controlfield>
  <controlfield tag="008">160216n        II  |||gr||||Z||||||eng</controlfield>
  <datafield tag="040" ind1=" " ind2=" ">
    <subfield code="a">MAIN</subfield>
  </datafield>
  <datafield tag="041" ind1=" " ind2=" ">
    <subfield code="a">English</subfield>
  </datafield>
  <datafield tag="082" ind1=" " ind2=" ">
    <subfield code="a">580 GAB</subfield>
  </datafield>
  <datafield tag="100" ind1=" " ind2=" ">
    <subfield code="a">GABB, M.H.</subfield>
  </datafield>
  <datafield tag="245" ind1=" " ind2=" ">
    <subfield code="a">A HANDBOOK OF LABORATORY SOLUTIONS</subfield>
  </datafield>
  <datafield tag="250" ind1=" " ind2=" ">
    <subfield code="a">REP.</subfield>
  </datafield>
  <datafield tag="260" ind1=" " ind2=" ">
    <subfield code="a">JODHPUR:</subfield>
    <subfield code="b">SCIENTIFIC PUBLISHERS,</subfield>
    <subfield code="c">2013.</subfield>
  </datafield>
  <datafield tag="300" ind1=" " ind2=" ">
    <subfield code="a">116:</subfield>
    <subfield code="c">20CM.</subfield>
  </datafield>
  <datafield tag="500" ind1=" " ind2=" ">
    <subfield code="a">MRP BOOK - Minor Research Project by Prof. Bimal Dutta, Botany Deptt, SGC, 06-06-2016</subfield>
  </datafield>
  <datafield tag="653" ind1=" " ind2=" ">
    <subfield code="a">Plants (Botany)</subfield>
  </datafield>
  <datafield tag="700" ind1=" " ind2=" ">
    <subfield code="a">GABB, M.H.,</subfield>
    <subfield code="e">Author.</subfield>
  </datafield>
  <datafield tag="700" ind1=" " ind2=" ">
    <subfield code="a">LATCHEM, W.E.</subfield>
  </datafield>
  <datafield tag="942" ind1=" " ind2=" ">
    <subfield code="c">BK</subfield>
  </datafield>
  <datafield tag="999" ind1=" " ind2=" ">
    <subfield code="c">21917</subfield>
    <subfield code="d">21917</subfield>
  </datafield>
  <datafield tag="952" ind1=" " ind2=" ">
    <subfield code="0">0</subfield>
    <subfield code="1">0</subfield>
    <subfield code="4">0</subfield>
    <subfield code="7">0</subfield>
    <subfield code="8">REF</subfield>
    <subfield code="a">MAIN</subfield>
    <subfield code="b">MAIN</subfield>
    <subfield code="c">BORK</subfield>
    <subfield code="d">2016-06-06</subfield>
    <subfield code="o">580 GAB</subfield>
    <subfield code="p">33254</subfield>
    <subfield code="r">2020-02-27 00:00:00</subfield>
    <subfield code="t">1</subfield>
    <subfield code="w">2020-02-27</subfield>
    <subfield code="y">BK</subfield>
  </datafield>
</record>
